Analýza informačného systému pre riadenie vzťahov so zákazníkmi v spoločnosti KROS, a. s. diplomová práca

Saved in:
Bibliographic Details
Main Author: Mandičák, Tomáš
Corporate Author: Podnikovohospodárska fakulta EU so sídlom v Košiciach. Katedra manažmentu
Other Authors: Mesároš, Peter
Format: Book
Language:Slovak
Published: Košice 2012
Tags: Add Tag
No Tags, Be the first to tag this record!

MARC

LEADER 00000nbm a2200000 4500
001 0153252
005 20161109102100.2
041 0 |a slo 
044 |a SK 
245 1 0 |a Analýza informačného systému pre riadenie vzťahov so zákazníkmi v spoločnosti KROS, a. s.  |b diplomová práca  |c Tomáš Mandičák ; školiteľ: Peter Mesároš 
264 1 |a Košice  |c 2012 
300 |a 92 s. 
100 1 |a Mandičák, Tomáš 
700 1 |a Mesároš, Peter 
710 2 |a Podnikovohospodárska fakulta EU so sídlom v Košiciach. Katedra manažmentu